Normal view
MARC view
- Dr. Muhammad Murtaza Khan.
Entry Personal Name
001 - CONTROL NUMBER
- control field: 19798
003 - CONTROL NUMBER IDENTIFIER
- control field: NUST
005 - DATE AND TIME OF LATEST TRANSACTION
- control field: 20190901105922.0
008 - FIXED-LENGTH DATA ELEMENTS
- fixed length control field: 190901|| aca||aabn | a|a d
040 ## - CATALOGING SOURCE
- Original cataloging agency: NUST
- Transcribing agency: NUST
100 ## - HEADING--PERSONAL NAME
- Personal name: Dr. Muhammad Murtaza Khan.
670 ## - SOURCE DATA FOUND
- Source citation: Work cat.: (NUST): Abbasi, Ayesha 19797, Automatic Road Extraction and Classification with Application to Google Earth Images /, 2013.
